| 000 | 01643cam0 2200385 ib4500 | ||
|---|---|---|---|
| 001 | BY-MI0012-br103113 | ||
| 005 | 20210407112343.0 | ||
| 010 |
^a5-85129-175-3 ^d2р. |
||
| 035 | ^a(BY-MI0012)BY-MI0012-br103113 | ||
| 100 | ^a20061221d2006 f y0rusy50 ca | ||
| 101 | 0 | ^arus | |
| 102 | ^aRU | ||
| 105 | ^ay j 000yy | ||
| 109 | ^aga | ||
| 200 | 1 |
^aКниговедение: опыт региональных изысканий ^eучебно-методическое пособие ^fМ. В. Шабалина |
|
| 210 |
^aМосква ^cЛиберея-Бибинформ ^d2006 |
||
| 215 |
^a155 с. ^cил., табл. ^d20 см |
||
| 225 | 1 |
^aСерия "Библиотекарь и время. XXI век" ^v№ 50 |
|
| 320 | ^aБиблиография в примечаниях в конце глав | ||
| 345 | ^93000 экз. | ||
| 606 | 0 |
^3BY-NLB-ar13667 ^aКНИГОВЕДЕНИЕ ^2DVNLB |
|
| 606 | 0 |
^3BY-NLB-ar75901 ^aКНИЖНАЯ КУЛЬТУРА ^2DVNLB |
|
| 607 |
^2BY-auth ^3BY-NLB-ar28572 ^aРоссия |
||
| 607 |
^2BY-auth ^3BY-NLB-ar29966 ^aСибирь |
||
| 607 |
^2BY-auth ^3BY-NLB-ar8555 ^aДальний Восток |
||
| 608 |
^3BY-NLB-ar2273471 ^aУЧЕБНО-МЕТОДИЧЕСКОЕ ПОСОБИЕ ДЛЯ ВУЗОВ ^2BYGNR |
||
| 660 | ^ae-ru | ||
| 660 | ^ae-urs | ||
| 686 |
^a76.1 ^2rubbk |
||
| 690 |
^a1 ^9BY-MI0012 ^2Base ^xRSEK |
||
| 700 | 1 |
^3BY-NLB-ar2438332 ^aШабалина ^bМ. В. ^gМария Викторовна ^cкандидат исторических наук |
|
| 801 | 0 |
^aBY ^bBY-MI0012 ^c20061221 ^gpsbo |
|
| 899 |
^aBY-MI0012 ^h76.1 |
||